Loading...
| Literature - British | 0 | 7 | 0 | 2 | 70 | 113 | 136.14 | 0 | 5 | 0.00 | 0.00 |
| Fine Arts - Classical Music | 0 | 5 | 0 | 0 | 50 | 77 | 93.20 | 0 | 5 | 0.00 | 0.00 |
| Literature - American | 0 | 5 | 0 | 1 | 50 | 78 | 117.00 | 1 | 2 | 0.00 | 0.00 |
| Literature - World | 0 | 5 | 0 | 0 | 50 | 76 | 99.20 | 2 | 5 | 0.00 | 0.00 |
| Fine Arts - Other | 0 | 5 | 1 | 3 | 45 | 94 | 121.40 | 1 | 4 | 0.00 | 0.00 |
| Fine Arts - Painting and Sculpture | 0 | 5 | 2 | 1 | 40 | 107 | 118.40 | 2 | 4 | 0.00 | 0.00 |
| Mythology | 0 | 4 | 1 | 2 | 35 | 87 | 114.75 | 2 | 3 | 0.00 | 0.00 |
| Religion | 0 | 3 | 0 | 1 | 30 | 30 | 95.33 | 1 | 3 | 0.00 | 0.00 |
| Science - Other | 0 | 3 | 0 | 0 | 30 | 115 | 126.67 | 0 | 3 | 0.00 | 0.00 |
| Philosophy | 0 | 3 | 0 | 0 | 30 | 115 | 127.00 | 0 | 1 | 0.00 | 0.00 |
| Literature - European | 0 | 3 | 1 | 1 | 25 | 98 | 124.00 | 1 | 3 | 0.00 | 0.00 |
| Science - Physics | 0 | 2 | 0 | 1 | 20 | 118 | 123.50 | 0 | 1 | 0.00 | 0.00 |
| Science - Chemistry | 0 | 2 | 0 | 1 | 20 | 90 | 102.50 | 1 | 2 | 0.00 | 0.00 |
| History - European | 0 | 2 | 0 | 0 | 20 | 113 | 123.50 | 1 | 1 | 0.00 | 0.00 |
| Science - Biology | 0 | 2 | 0 | 0 | 20 | 83 | 106.00 | 1 | 1 | 0.00 | 0.00 |
| History - Other | 0 | 2 | 0 | 0 | 20 | 99 | 117.50 | 0 | 2 | 0.00 | 0.00 |
| Other Academic | 0 | 1 | 0 | 1 | 10 | 136 | 136.00 | 0 | 1 | 0.00 | 0.00 |
| History - World | 0 | 1 | 0 | 0 | 10 | 121 | 121.00 | 0 | 1 | 0.00 | 0.00 |
| Pop Culture | 0 | 1 | 0 | 0 | 10 | 62 | 62.00 | 0 | 1 | 0.00 | 0.00 |
| Social Science | 0 | 1 | 1 | 0 | 5 | 106 | 106.00 | 0 | 1 | 0.00 | 0.00 |
| History - American | 0 | 1 | 1 | 0 | 5 | 99 | 99.00 | 0 | 1 | 0.00 | 0.00 |